National Bank of Greece annual report 1998

Guardado en:
Detalles Bibliográficos
Formato: Libro
Lenguaje:inglés
Publicado: Athens National Bank of Greece 1998
Materias:
Etiquetas: Agregar Etiqueta
Sin Etiquetas, Sea el primero en etiquetar este registro!

MARC

LEADER 00000nam a2200000 4500
001 c114032
005 20180823072216.8
041 0 |a eng 
044 |a GR 
245 1 0 |a National Bank of Greece  |b annual report 1998 
264 1 |a Athens  |b National Bank of Greece  |c 1998 
300 |a 131 s. 
610 2 0 |a banky 
610 2 0 |a bankovníctvo 
610 2 0 |a stratégia podniková 
610 2 0 |a pôžičky 
610 2 0 |a trh kapitálový 
610 2 0 |a služby bankové 
610 2 0 |a služby finančné 
610 2 0 |a spolupráca medzinárodná 
610 2 0 |a poistenie 
610 2 0 |a vývoj hospodársky 
610 2 0 |a burzy 
610 2 0 |a banky centrálne 
610 2 0 |a investície 
610 2 0 |a zákazníci 
610 2 0 |a akcionári 
610 2 0 |a manažment 
610 2 0 |a bilancie 
610 2 0 |a Grécko